Statistics for Florida 500 Sponsors (Cars 3)

Click here to take the quiz!

General Stats

  • This quiz has been taken 14 times
  • The average score is 18 of 35

Answer Stats

HintAnswer% Correct
Lightning McQueen/ Cruz RamirezRusteze
88%
Paul ConrevBumper Save
75%
Ryan "Inside" LaneyBlinkr
63%
Herb CurblerFaux Wheel Drive
63%
Ed TruncanMood Springs
63%
Tim TreadlessNitroade
63%
Sheldon ShifterSputter Stop
63%
Eric BrakerSynerG
63%
Rich MixonTank Coat
63%
J.D. McPillarTow Cap
63%
Bubba WheelhouseTransberry Juice
63%
Cam SpinnerTriple Dent
63%
Steve "Slick" LaPageTrunk Fresh
63%
Chase RacelotVitoline
63%
Jim ReverickCarbon Cyber
50%
Harvey RodcapEasy Idle
50%
Dan CarciaGaskits
50%
Jackson StormIGNTR
50%
Flip DoverIntersection
50%
George New-WinLeak Less
50%
Spikey FillupsLil' Torquey Pistons
50%
H.J. HollisN20 Cola
50%
Jonas CarversNo Stall
50%
Danny SwervezOctane Gain
50%
M'Fast FongRev-N-Go
50%
Aaron ClockerRevolting
50%
Barry DePedalRPM
50%
Conrad CamberShiny Wax
50%
Michael RotorViewzeen
50%
Noah GocekClutch Aid
38%
Chris Roamin'Combustr
38%
Nick ShiftSpare Mint
38%
Will RuschVinyl Toupee
38%
J.P. DriveApple iMac
13%
Richie GunzitGaspirin
13%

Score Distribution

Percentile by Number Answered

Percent of People with Each Score

Your Score History

You have not taken this quiz